Statistiques concernant Top 10 des prénoms de filles en France en 2022

Cliquez ici pour prendre le quiz!

Statistiques générales

  • Ce quiz a été pris 765 fois
  • Le résultat moyen est 4 sur 10

Statistiques - réponses

RangRéponse% Correct
5eEmma
69%
2eLouise
53%
9eAnna
48%
1erJade
48%
7eAlice
33%
10eLina
31%
6eRose
27%
3eAmbre
23%
4eAlba
15%
8eRomy
13%

Distribution des résultats

Percentile par nombre de réponses

% des personnes avec chaque résultat

Votre développement - résultats

Vous n’avez pas pris ce quiz